|
|
|
|
| LEADER |
00000nam0a2200000 4500 |
| 001 |
321468 |
| 005 |
20231102003358.0 |
| 035 |
|
|
|a (RuTPU)RU\TPU\book\347023
|
| 090 |
|
|
|a 321468
|
| 100 |
|
|
|a 20160825d1973 km y0rusy50 ca
|
| 101 |
0 |
|
|a rus
|
| 102 |
|
|
|a RU
|
| 105 |
|
|
|a a z 001zy
|
| 200 |
1 |
|
|a От атома к молекуле
|f К. В. Овчинников, И. Н. Семенов, Р. В. Богданов
|
| 210 |
|
|
|a Ленинград
|c Химия
|d 1973
|
| 215 |
|
|
|a 109 с.
|c ил.
|
| 225 |
1 |
|
|a Вопросы современной химии
|
| 320 |
|
|
|a Библиогр.: с. 104
|
| 320 |
|
|
|a Словарь-указатель терминов: с. 105-107
|
| 606 |
1 |
|
|a Химическая связь
|2 stltpush
|3 (RuTPU)RU\TPU\subj\70611
|9 84817
|
| 610 |
1 |
|
|a электроны
|
| 610 |
1 |
|
|a волновые свойства
|
| 610 |
1 |
|
|a простейшие молекулы
|
| 610 |
1 |
|
|a молекулярные спектры
|
| 610 |
1 |
|
|a многоцентровые связи
|
| 610 |
1 |
|
|a валентность
|
| 610 |
1 |
|
|a библиотека А. Г. Стромберга
|
| 675 |
|
|
|a 544.14
|v 4
|
| 700 |
|
1 |
|a Овчинников
|b К. В.
|g Кирилл Владимирович
|
| 701 |
|
1 |
|a Семенов
|b И. Н.
|g Игорь Николаевич
|
| 701 |
|
1 |
|a Богданов
|b Р. В.
|g Роман Васильевич
|
| 801 |
|
1 |
|a RU
|b 63413507
|c 20160825
|
| 801 |
|
2 |
|a RU
|b 63413507
|c 20171108
|g RCR
|
| 942 |
|
|
|c BK
|